| 000 | 00710nam a2200241 a 4500 | ||
|---|---|---|---|
| 003 | AR-BaBNM | ||
| 005 | 20251128204029.0 | ||
| 008 | 082120s2002 ||||||||||||||000 | spa|| | ||
| 040 | _cAR-BaBNM | ||
| 110 | 2 | _aNational Council of Teachers of Mathematics [Estados Unidos] | |
| 245 | 0 | 0 | _aNúmeros y sus factores |
| 250 | _a1ª ed. | ||
| 260 |
_aMéxico, D.F. _bTrillas _bCentro Regional de Ayuda Técnica _c1968 |
||
| 300 |
_a61 p. _btablas |
||
| 490 | 0 |
_aTemas de matemáticas _vv. 5 |
|
| 650 | 4 | _aENSEÑANZA DE LAS MATEMATICAS | |
| 650 | 4 | _aNUMEROS | |
| 650 | 4 | _aCONCEPTOS NUMERICOS | |
| 653 | _aEDUCACION PRIMARIA | ||
| 700 | 1 |
_aGalván Anaya, Federico _etraductor |
|
| 942 | _cBK | ||
| 998 | _cCarmen | ||
| 999 |
_c5873 _d5873 |
||